000 00604 a2200169 4500
005 20190909122932.0
008 190606b2005 mx ||||| |||| 00| 0 spa d
020 _a9789700752945
040 _aCO-BoUCM
_bspa
_cOscar Ávila (modificó)
_dOscar Ávila (modificó)
041 0 _aspa
100 1 0 _aRodriguez-Arana, Jaime
_996894
245 1 0 _aDerecho administrativo español
_cJaime Rodríguez-Arana
260 _bEditorial Porrua Mexico
_c2005
_aMéxico
_g2005
650 7 _aDerecho administrativo
_zEspaña
_959076
942 _cLIBRO
_2DEWEY
_a8
_e1
_h342.46
_mR696d
999 _c312983
_d312983